<?xml version="1.0" encoding="UTF-8"?>
<record
    xmlns:xsi="http://www.w3.org/2001/XMLSchema-instance"
    xsi:schemaLocation="http://www.loc.gov/MARC21/slim http://www.loc.gov/standards/marcxml/schema/MARC21slim.xsd"
    xmlns="http://www.loc.gov/MARC21/slim">

  <leader>00840nam2a22002291  4500</leader>
  <controlfield tag="001">RU\NLR\A1SV\100998</controlfield>
  <controlfield tag="005">20251203152403.2</controlfield>
  <datafield tag="035" ind1=" " ind2=" ">
    <subfield code="a">(NLR Aleph) 009782351</subfield>
  </datafield>
  <datafield tag="090" ind1=" " ind2=" ">
    <subfield code="a">13485722</subfield>
    <subfield code="c">13485722</subfield>
  </datafield>
  <datafield tag="100" ind1=" " ind2=" ">
    <subfield code="a">20100209d1924    u  y0rusy50      ca</subfield>
  </datafield>
  <datafield tag="101" ind1="0" ind2=" ">
    <subfield code="a">rus</subfield>
  </datafield>
  <datafield tag="200" ind1="0" ind2=" ">
    <subfield code="a">&#x421;&#x431;. &#x2116; 2</subfield>
  </datafield>
  <datafield tag="210" ind1=" " ind2=" ">
    <subfield code="d">[1924]</subfield>
  </datafield>
  <datafield tag="215" ind1=" " ind2=" ">
    <subfield code="a">307 &#x441;.</subfield>
  </datafield>
  <datafield tag="461" ind1=" " ind2="1">
    <subfield code="1">001RU\NLR\A1SV\100996</subfield>
    <subfield code="1">2000#$a&#x41F;&#x435;&#x440;&#x435;&#x432;&#x430;&#x43B;$e[&#x410;&#x43B;&#x44C;&#x43C;&#x430;&#x43D;&#x430;&#x445;]$f&#x41F;&#x43E;&#x434; &#x440;&#x435;&#x434;. &#x410;&#x440;&#x442;&#x435;&#x43C;&#x430; &#x412;&#x435;&#x441;&#x435;&#x43B;&#x43E;&#x433;&#x43E; [&#x438; &#x434;&#x440;.]$g&#x41F;&#x440;&#x438; &#x440;&#x435;&#x434;. &#x436;&#x443;&#x440;&#x43D;. &#x41A;&#x440;&#x430;&#x441;&#x43D;&#x430;&#x44F; &#x43D;&#x43E;&#x432;&#x44C;$v&#x421;&#x431;. &#x2116; 2</subfield>
    <subfield code="9">10100917</subfield>
    <subfield code="c">&#x41C;.</subfield>
    <subfield code="d">[1925]</subfield>
    <subfield code="f">&#x41F;&#x43E;&#x434; &#x440;&#x435;&#x434;. &#x410;&#x440;&#x442;&#x435;&#x43C;&#x430; &#x412;&#x435;&#x441;&#x435;&#x43B;&#x43E;&#x433;&#x43E; [&#x438; &#x434;&#x440;.]</subfield>
    <subfield code="n">&#x413;&#x43E;&#x441;. &#x438;&#x437;&#x434;-&#x432;&#x43E;</subfield>
    <subfield code="o">[&#x410;&#x43B;&#x44C;&#x43C;&#x430;&#x43D;&#x430;&#x445;]</subfield>
    <subfield code="t">&#x41F;&#x435;&#x440;&#x435;&#x432;&#x430;&#x43B;</subfield>
    <subfield code="v">&#x421;&#x431;. &#x2116; 2</subfield>
  </datafield>
  <datafield tag="801" ind1=" " ind2="0">
    <subfield code="a">RU</subfield>
    <subfield code="b">NLR</subfield>
    <subfield code="c">20100209</subfield>
  </datafield>
  <datafield tag="852" ind1=" " ind2=" ">
    <subfield code="a">NLR</subfield>
    <subfield code="j">10/248-2</subfield>
  </datafield>
  <datafield tag="852" ind1=" " ind2=" ">
    <subfield code="a">NLR</subfield>
    <subfield code="j">89-5/4605-2</subfield>
  </datafield>
  <datafield tag="942" ind1=" " ind2=" ">
    <subfield code="c">BOOK</subfield>
  </datafield>
  <datafield tag="980" ind1=" " ind2=" ">
    <subfield code="a">A1SV</subfield>
  </datafield>
  <datafield tag="980" ind1=" " ind2=" ">
    <subfield code="a">NB</subfield>
  </datafield>
</record>
